Micología Médica. (Registro nro. 2203)

Detalles MARC
000 -LEADER
fixed length control field 01240nam a2200349 a 4500
005 - FECHA ULTIMA MODIFICACION
control field 20240507122015.0
008 - CAMPO DE CONTROL (LIBRO)
fixed length control field 100708t1995||||mx a f |||| 00| 0 spa d
020 ## - INTERNATIONAL STANDARD BOOK NUMBER
ISBN 9682451892
041 ## - CODIGO DE IDIOMA
Código de idioma del texto/pista de sonido o título separado spa
092 ## - SIGNATURA TOPOGRAFICA DEWEY LOCAL
número de clasificación 616.01
libristica 52
sección MIC
245 ## - TITULO PROPIAMENTE DICHO
Título Micología Médica.
Subtítulo y Título paralelo Procedimientos para el diagnóstico de laboratorio /
Mención de responsabilidad y remanente de la transcripción de la portada Rubén López Martínez.
250 ## - MENCION DE EDICION
Mención de edición 1a ed.
260 ## - PIE DE IMPRENTA
Lugar de publicación, distribución, etc México:
Nombre de la editorial, distribuidor, etc Trillas;
Fecha de publicación 1995.
300 ## - DESCRIPCION FISICA
Extension 194 p.
Otros detalles físicos il.
500 ## - NOTA GENERAL
Nota general López Martínez, R. et al. (1995). Micología Médica. Procedimientos para el diagnóstico de laboratorio. (1a ed.). México : Trillas.
653 ## - TÉRMINO INDIZADO - PALABRAS CLAVES
Palabra clave Generalidades
653 ## - TÉRMINO INDIZADO - PALABRAS CLAVES
Palabra clave Toma de productos
653 ## - TÉRMINO INDIZADO - PALABRAS CLAVES
Palabra clave Micosis superficiales
653 ## - TÉRMINO INDIZADO - PALABRAS CLAVES
Palabra clave Seudomicosis superficiales
653 ## - TÉRMINO INDIZADO - PALABRAS CLAVES
Palabra clave Micosis subcutáneas
653 ## - TÉRMINO INDIZADO - PALABRAS CLAVES
Palabra clave Micosis sistemáticas
653 ## - TÉRMINO INDIZADO - PALABRAS CLAVES
Palabra clave Micosis oportunistas
653 ## - TÉRMINO INDIZADO - PALABRAS CLAVES
Palabra clave Seudomicosis profunda
653 ## - TÉRMINO INDIZADO - PALABRAS CLAVES
Palabra clave Hongos contaminantes comunes de laboratorio
653 ## - TÉRMINO INDIZADO - PALABRAS CLAVES
Palabra clave Procedimientos de laboratorio
653 ## - TÉRMINO INDIZADO - PALABRAS CLAVES
Palabra clave Medidas de seguridad
700 1# - ENTRADAS SECUNDARIAS - NOMBRE PERSONAL
Nombre personal López Martínez, Rubén
9 (RLIN) 3785
700 1# - ENTRADAS SECUNDARIAS - NOMBRE PERSONAL
Nombre personal Méndez Tovar, Luis Javier
9 (RLIN) 3786
700 1# - ENTRADAS SECUNDARIAS - NOMBRE PERSONAL
Nombre personal Hernández Hernández, Francisca
9 (RLIN) 3787
700 1# - ENTRADAS SECUNDARIAS - NOMBRE PERSONAL
Nombre personal Castañón Olivares, Rocío
9 (RLIN) 3788
942 ## - ADDED ENTRY ELEMENTS (KOHA)
Source of classification or shelving scheme Dewey Decimal Classification
Item type Libros
Existencias
Estado de retiro Existencia Fuente de clasificación Estado general No para prestamo Ubicación permanente ubicación actual Sala de ubicación Fecha de adquisición Fuente de adquisición Total Checkouts Número de clasificación Código de barras Date last seen Número de ejemplar Price effective from Koha tipo de elemento (item) Public note Coded location qualifier
    Dewey Decimal Classification     Biblioteca Medicina Biblioteca Medicina Circulación 21/09/2015 Donación Jaime Novodvoretz, Septiembre 2015   616.01 52 MIC 3535 21/09/2015 Ej.1 21/09/2015 Libros Donación Jaime Novodvoretz, Septiembre 2015 Hemeroteca 2022  

UNIVERSIDAD NACIONAL DEL COMAHUE
Biblioteca de la Facultad de Ciencias Médicas
Sede Toschi: Los Arrayanes y Av. Toschi, Cipolletti  - Rio Negro
Sede Los Tordos:  Yrigoyen al 2211, Cipolletti - Rio Negro 

Teléfono: 0299 - 4774707 int 25
Contacto: biblioteca@facimed.uncoma.edu.ar
© 2011 - 2026